Man, nature and civilization ... (Record no. 91395)
[ view plain ]
| 000 -LEADER | |
|---|---|
| fixed length control field | 00470cam a2200169u 4500 |
| 001 - CONTROL NUMBER | |
| control field | unk82064235 |
| 003 - CONTROL NUMBER IDENTIFIER | |
| control field | DLC |
| 005 - DATE AND TIME OF LATEST TRANSACTION | |
| control field | 20260227112759.0 |
| 008 - FIXED-LENGTH DATA ELEMENTS--GENERAL INFORMATION | |
| fixed length control field | 821208s1931 ohu 000 0 eng |
| 010 ## - LIBRARY OF CONGRESS CONTROL NUMBER | |
| LC control number | unk82064235 |
| 040 ## - CATALOGING SOURCE | |
| Original cataloging agency | DLC |
| Transcribing agency | CarP |
| Modifying agency | DLC |
| 050 00 - LIBRARY OF CONGRESS CALL NUMBER | |
| Classification number | CB155 |
| Item number | .T5 |
| 100 1# - MAIN ENTRY--PERSONAL NAME | |
| Personal name | Thompson, Allison John, |
| Dates associated with a name | 1865- |
| 245 10 - TITLE STATEMENT | |
| Title | Man, nature and civilization ... |
| Remainder of title | Random thoughts ... |
| 260 ## - PUBLICATION, DISTRIBUTION, ETC. | |
| Place of publication, distribution, etc. | [Cleveland?] |
| Name of publisher, distributor, etc. | Private publication |
| Date of publication, distribution, etc. | [c1931] |
| 300 ## - PHYSICAL DESCRIPTION | |
| Extent | 2 pt. 18 cm. |
No items available.